[Event "TCh-UKR Clubs 2011"]
[Site "Alushta UKR"]
[Date "2011.05.18"]
[Round "6.2"]
[White "Martiyan,A"]
[Black "Ivaschenko,Dmitry"]
[Result "1/2-1/2"]
[WhiteElo "2172"]
[BlackElo "2214"]

1.d4 Nf6 2.c4 c5 3.d5 e6 4.Nc3 exd5 5.cxd5 d6 6.Nf3 g6 7.e4 a6 8.a4 Bg4 9.Be2 Bxf3
10.Bxf3 b6 11.O-O Bg7 12.Bf4 O-O 13.Re1 Ra7 14.e5 dxe5 15.Bxe5 Nbd7 16.Bf4 Re8
17.Qd3 Nf8 18.Bg5 Ne6 19.Be3 Rae7 20.Red1 Nd4 21.Bxd4 cxd4 22.Qxd4 Ne4 23.Qd3 Nc5
24.Qc4 Qd6 25.Rac1 Bxc3 26.bxc3 Re5 27.g3 Kg7 28.Rb1 Kg8 29.Qb4 Qf6 30.Qxb6 Qxf3
31.Qxc5 h5 32.Qc4 Re4 33.Qf1 Qxc3 34.Qxa6 h4 35.Qf1 hxg3 36.hxg3 Qa5 37.Qb5 Qxa4
38.Qd3 R4e7 39.Qf3 Qe4 40.Kg2 Qxf3+ 41.Kxf3 Rd7 42.Rd4 Re5 43.Rbd1 Kg7 44.Kg4 Re2
45.R1d2 Re1 46.Kf4 Kf6 47.Re4 g5+ 48.Kf3 Ra1 49.Ke3 Ra5 50.d6 Ra6 51.Red4 Ke6
52.Kf3 Raxd6 53.Rxd6+ Rxd6 54.Rxd6+ Kxd6 55.Kg4 f6 56.Kf5 Ke7 57.f3 Kf7 58.g4 Kg7  1/2-1/2

[Event "20th Croatian Cup"]
[Site "Sibenik CRO"]
[Date "2011.05.19"]
[Round "3.12"]
[White "Kozul,Z"]
[Black "Cvitan,O"]
[Result "0-1"]
[WhiteElo "2555"]
[BlackElo "2498"]

1.d4 Nf6 2.c4 e6 3.Nf3 c5 4.d5 d6 5.Nc3 exd5 6.cxd5 g6 7.Nd2 Bg7 8.e4 O-O
9.Be2 Ne8 10.O-O f5 11.exf5 Bxf5 12.Nc4 Na6 13.Bd2 Rb8 14.Ne3 Nac7 15.a4 Bd7
16.Qb3 b6 17.Nb5 a6 18.Nxc7 Nxc7 19.Bc3 b5 20.Bxg7 Kxg7 21.axb5 Bxb5 22.Bxb5 Nxb5
23.Rxa6 Nd4 24.Qc3 Rb3 25.Qe1 Rxb2 26.Nc4 Re2 27.Qa5 Qh4 28.Ra7+ Kh6 29.Ne3 Rxe3  0-1

[Event "ch-Siberia Men"]
[Site "Barnaul RUS"]
[Date "2011.05.20"]
[Round "1"]
[White "Dzhumagaliev,Y"]
[Black "Larin,M"]
[Result "1-0"]
[WhiteElo "2389"]
[BlackElo "1982"]

1.d4 Nf6 2.c4 c5 3.d5 e6 4.Nc3 exd5 5.cxd5 d6 6.Nf3 g6 7.Bf4 Bg7 8.Qa4+ Bd7
9.Qb3 Qc7 10.e3 O-O 11.Be2 a6 12.a4 Bg4 13.Nd2 Bxe2 14.Kxe2 Nh5 15.Bg5 f5
16.f3 Nd7 17.Nc4 Rae8 18.Rad1 Ne5 19.Qb6 Qxb6 20.Nxb6 h6 21.Bh4 g5 22.Bf2 Nf4+
23.exf4 Nc4+ 24.Kd3 Nxb6 25.Bg3 Bxc3 26.Kxc3 Re3+ 27.Kc2 g4 28.a5 Re2+ 29.Kb3 Nd7
30.fxg4 fxg4 31.Rhe1 Rfe8 32.Rxe2 Rxe2 33.Re1 Rxe1 34.Bxe1 Kf7 35.Bg3 b5
36.axb6 Nxb6 37.f5 Nc8 38.Ka4 Kf6 39.Bh4+ Kxf5 40.Ka5 Ke5 41.Kxa6 Kxd5 42.Kb7 Ke5
43.Kxc8 d5 44.Kd7 d4 45.Kc6 c4 46.Be1 Ke4 47.Kc5 c3 48.bxc3 dxc3 49.Bxc3 Ke3
50.g3 Kf3 51.Bf6  1-0

[Event "4th Beirut Open"]
[Site "Beirut LIB"]
[Date "2011.05.20"]
[Round "7.4"]
[White "Sriram,J"]
[Black "Kassis,A LIB"]
[Result "1-0"]
[WhiteElo "2446"]
[BlackElo "2228"]

1.d4 Nf6 2.c4 c5 3.d5 e6 4.Nc3 exd5 5.cxd5 d6 6.Nf3 g6 7.Bf4 Bg7 8.Qa4+ Bd7
9.Qb3 Qc7 10.e4 O-O 11.Be2 Nh5 12.Be3 Bg4 13.h3 Bxf3 14.Bxf3 Nf6 15.e5 dxe5
16.d6 Qxd6 17.Rd1 Qc7 18.Qxb7 Qxb7 19.Bxb7 Nbd7 20.Bxa8 Rxa8 21.b3 Rc8 22.Nd5 Bf8
23.O-O Kg7 24.Rfe1 Nb6 25.Nxb6 axb6 26.Bc1 Ra8 27.Bb2 Rxa2 28.Bxe5 c4 29.bxc4 Bc5
30.Re3 Bxe3 31.fxe3 Ra5 32.Bc3 Rf5 33.Rd6 g5 34.Rxb6  1-0

[Event "ch-Siberia Men"]
[Site "Barnaul RUS"]
[Date "2011.05.21"]
[Round "2"]
[White "Kaluga,S"]
[Black "Badmatsyrenov,O"]
[Result "0-1"]
[WhiteElo "2216"]
[BlackElo "2450"]

1.d4 Nf6 2.c4 e6 3.Nf3 c5 4.d5 d6 5.Nc3 exd5 6.cxd5 g6 7.Bf4 Bg7 8.Qa4+ Bd7
9.Qb3 b5 10.Bxd6 Qb6 11.Be5 O-O 12.e3 c4 13.Qd1 b4 14.Ne2 Bb5 15.Nf4 Nbd7
16.Bd4 Qb7 17.Be2 Rfe8 18.O-O Bh6 19.g3 Nxd5 20.Nd2 Nxf4 21.gxf4 Rac8 22.Rc1 Qa6
23.Re1 Nb6 24.Bf3 Bc6 25.Bxc6 Rxc6 26.Qf3 Qc8 27.Ne4 Bg7 28.Bxg7 Kxg7 29.Red1 Qc7
30.Ng3 c3 31.bxc3 Rxc3 32.Ne2 Rc4 33.Rxc4 Qxc4 34.Rd4 Qb5 35.f5 Nd7 36.fxg6 hxg6
37.Qd5 Qxe2 38.Qxd7 Re5 39.Rg4 Qxa2 40.Qd4 Qb1+ 41.Kg2 Qf5 42.Qxb4 Rd5 43.h3 Qf6
44.Rf4 Qc6 45.Qb2+ Kg8 46.Qb8+ Rd8+  0-1

[Event "ch-Siberia Men"]
[Site "Barnaul RUS"]
[Date "2011.05.22"]
[Round "3"]
[White "Bocharov,D"]
[Black "Badmatsyrenov,O"]
[Result "1-0"]
[WhiteElo "2580"]
[BlackElo "2450"]

1.d4 Nf6 2.c4 e6 3.Nc3 c5 4.d5 exd5 5.cxd5 d6 6.Nf3 g6 7.h3 Bg7 8.Bf4 O-O
9.e3 Qe7 10.Nd2 Nbd7 11.Be2 Ne8 12.O-O Ne5 13.Bh2 f5 14.Qc2 Bd7 15.Rae1 g5
16.f4 Ng6 17.Bd3 gxf4 18.exf4 Qf6 19.Nf3 Nc7 20.Ne5 dxe5 21.fxe5 Qh4 22.e6 Nxe6
23.dxe6 Bc6 24.Bxf5 Ne7 25.Bg4 h5 26.Bd1 Bd4+ 27.Kh1 Qxh3 28.Ne4 Qh4 29.Ng3 Rxf1+
30.Rxf1 Rf8 31.Rxf8+ Kxf8 32.Bxh5 Qf6 33.Bf7 Bd5 34.Qe2 c4 35.Qe1 Qf3 36.Qe2 Qe3
37.Qxe3 Bxe3 38.Nh5 Nf5 39.Nf6 Bc6 40.Be5 Bd4 41.Bxd4 Nxd4 42.Kg1 b5 43.Kf2 b4
44.g4 c3 45.bxc3 bxc3 46.Ke3 c2 47.Kd2 Ba4 48.Nd7+ Bxd7 49.exd7 Ke7 50.Be8 Ne6
51.Kxc2 Kf6 52.Kc3 Kg5 53.Bh5 a5 54.Kc4 a4 55.Kd5 Kf6 56.Kd6 Nd8 57.a3  1-0

[Event "ch-Siberia Men"]
[Site "Barnaul RUS"]
[Date "2011.05.24"]
[Round "5"]
[White "Rykov,I"]
[Black "Badmatsyrenov,O"]
[Result "1/2-1/2"]
[WhiteElo "2305"]
[BlackElo "2450"]

1.d4 Nf6 2.c4 e6 3.Nc3 c5 4.d5 exd5 5.cxd5 d6 6.Nf3 g6 7.g3 Bg7 8.Bg2 O-O
9.O-O b6 10.Re1 Na6 11.e4 Bg4 12.h3 Bxf3 13.Bxf3 Nc7 14.e5 dxe5 15.d6 Ne6
16.Bxa8 Qxa8 17.Rxe5 Nd4 18.Re7 Rd8 19.Bf4 Bf8 20.Re3 Bxd6 21.Bxd6 Rxd6 22.Rd3 Qd8
23.Kg2 c4 24.Rd2 Qa8+ 25.Kg1 Qd8 26.Kg2 Qa8+ 27.Kg1 Nf3+ 28.Qxf3 Qxf3 29.Rxd6 h5
30.Rd4 b5 31.Re1 Qc6 32.Ne4 Nxe4 33.Rexe4 a5 34.Re5 h4 35.Rxh4 b4 36.Rd4 c3
37.bxc3 Qxc3 38.Rd8+ Kg7 39.Re2 a4 40.Kh2 a3 41.Rdd2 g5 42.Rc2 Qd3 43.Rcd2 Qc3
44.Rd5 Kg6 45.Rd6+ Kg7 46.Rd5 Kg6 47.Rde5 Qd3 48.R5e3 Qd1 49.Kg2 Qd5+ 50.f3 Qd1
51.Rf2 Qd4 52.Ree2 Qd3 53.Kh2 Qc4 54.Re4 Qc5 55.Kg2 Qc3 56.Ree2 Qd3 57.Kh2 Qc4
58.Rc2 Qd3 59.Kg2 Qd4 60.Rfd2 Qe3 61.g4 f6 62.Re2 Qd3 63.Rcd2 Qc4 64.Re7 Qc8
65.Rdd7 Qf8 66.Ra7 Qg8 67.Kg1 Qf8 68.Kf1 Qh8 69.Ke1 Qg8 70.Red7 Qf8 71.Kd1 b3
72.axb3 a2 73.Rxa2 Qb8 74.Raa7 Qxb3+ 75.Kd2 Qb2+ 76.Kd3 Qb3+ 77.Kd4 Qb4+
78.Kd5 Qb5+ 79.Kd6 Qb4+ 80.Kc7 Qc5+ 81.Kb7 Qb4+ 82.Kc8 Qc4+ 83.Rac7 Qg8+
84.Kb7 Qb3+ 85.Ka7 Qa2+ 86.Kb8 Qg8+ 87.Rc8 Qe6 88.Rcc7 Qg8+ 89.Rc8 Qe6 90.Rb7 Qd6+
91.Rcc7 Qf8+ 92.Rc8 Qd6+ 93.Rcc7 Qf8+ 94.Rc8 Qd6+  1/2-1/2

[Event "XXX Zalakaros Open"]
[Site "Zalakaros HUN"]
[Date "2011.05.24"]
[Round "5"]
[White "Dankhazi,A"]
[Black "Djurovic,G"]
[Result "0-1"]
[WhiteElo "2070"]
[BlackElo "2371"]

1.d4 Nf6 2.c4 e6 3.Nf3 c5 4.d5 d6 5.Nc3 exd5 6.cxd5 g6 7.e4 a6 8.a4 Bg4 9.Be2 Bxf3
10.Bxf3 Nbd7 11.Be2 Bg7 12.O-O O-O 13.Be3 Ne8 14.Qd2 Rb8 15.f4 f5 16.exf5 gxf5
17.a5 Nc7 18.Kh1 Kh8 19.g4 b5 20.axb6 Rxb6 21.gxf5 Qe7 22.Bf3 Rfb8 23.Rab1 Rb3
24.Nd1 Nb6 25.Qg2 Nc4 26.Bc1 Bd4 27.Qe2 Nxd5 28.Qxc4 Rxf3 29.Rxf3 Qe4 30.Qd3 Rg8
31.h4 Qe1+ 32.Qf1 Rg1+  0-1

[Event "Nis Open 2011"]
[Site "Nis SRB"]
[Date "2011.05.25"]
[Round "2.4"]
[White "Djukic,Z SRB"]
[Black "Trickovic,V"]
[Result "1-0"]
[WhiteElo "2382"]
[BlackElo "2127"]

1.d4 Nf6 2.c4 c5 3.d5 e6 4.Nc3 exd5 5.cxd5 d6 6.Nf3 g6 7.Bf4 a6 8.a4 Bg7
9.h3 O-O 10.e3 Re8 11.Nd2 Nh5 12.Bh2 Be5 13.Bxe5 Rxe5 14.Nc4 Re8 15.Be2 Nf6
16.Qb3 Qc7 17.Qb6 Qxb6 18.Nxb6 Ra7 19.g4 Rd8 20.f4 Nbd7 21.Nc4 Ne8 22.g5 f5
23.h4 b6 24.h5 Rb7 25.Kf2 Nf8 26.Rab1 Bd7 27.Na3 Nc7 28.b4 cxb4 29.Rxb4 b5
30.hxg6 hxg6 31.Nc4 Ne8 32.axb5 axb5 33.Na5 Rc7 34.Nxb5 Bxb5 35.Bxb5 Rb8
36.Rhb1 Rc2+ 37.Kf3 Ra8 38.Bxe8 Rxa5 39.Rb7 Rh2 40.Bf7+ Kh8 41.Kg3 Raa2 42.Rg1 Rh7
43.Re7 Re2 44.Rg2 Re1 45.Rh2 Rg1+ 46.Kf2 Rxh2+ 47.Kxg1 Rb2 48.Kf1 Ra2 49.Be6 Rc2
50.Rf7 Nxe6 51.dxe6 Kg8 52.Rf6 Kg7 53.Rf7+ Kg8 54.Rf6 Kg7 55.e7 Rc8 56.Rxd6 Re8
57.Rd7 Kf7 58.Ke2 Ke6 59.Ra7 Rxe7 60.Rxe7+ Kxe7 61.Kd3 Kd7 62.Kc4 Kc6 63.e4 fxe4
64.f5 Kd6 65.f6 Ke6 66.Kd4 Kf7 67.Kxe4 Ke6 68.Kd4 Kf7 69.Ke5 Kf8 70.Ke6 Ke8
71.f7+ Kf8 72.Kd6  1-0

[Event "XXX Zalakaros Open"]
[Site "Zalakaros HUN"]
[Date "2011.05.25"]
[Round "6"]
[White "Egri,L2"]
[Black "Kabai,Z"]
[Result "1/2-1/2"]
[WhiteElo "2024"]
[BlackElo "2128"]

1.d4 Nf6 2.c4 e6 3.Nc3 c5 4.d5 d6 5.Nf3 exd5 6.cxd5 g6 7.h3 Bg7 8.e4 O-O
9.Bd3 b5 10.Bxb5 Nxe4 11.Nxe4 Qa5+ 12.Nfd2 Qxb5 13.Nxd6 Qa6 14.N2c4 Nd7 15.O-O Nb6
16.Nxb6 Qxb6 17.Nxc8 Raxc8 18.Rb1 Rfd8 19.Bf4 Qb7 20.d6 Bf8 21.Qd3 Bxd6 22.Bxd6 Rc6
23.Rfd1 Qd7 24.Qa3 Rxd6 25.Rxd6 Qxd6 26.Qxa7 Re8 27.a4 Qd4 28.a5 Re2 29.Qa8+ Kg7
30.a6 Qxf2+ 31.Kh2 h5 32.Qd5 Kh6 33.Rg1 h4 34.Qd6 Re6 35.Qf8+ Kh7 36.a7 Re1
37.Rxe1 Qg3+ 38.Kg1 Qxe1+ 39.Kh2 Qg3+  1/2-1/2

[Event "ch-Siberia Men"]
[Site "Barnaul RUS"]
[Date "2011.05.26"]
[Round "7"]
[White "Mokhov,V"]
[Black "Badmatsyrenov,O"]
[Result "1/2-1/2"]
[WhiteElo "2287"]
[BlackElo "2450"]

1.d4 Nf6 2.c4 e6 3.Nf3 c5 4.d5 d6 5.Nc3 exd5 6.cxd5 g6 7.Bf4 Bg7 8.Qa4+ Bd7
9.Qb3 b5 10.Bxd6 Qb6 11.Be5 O-O 12.e3 c4 13.Qd1 b4 14.Nb1 Rc8 15.Nbd2 Bb5
16.a4 bxa3 17.Rxa3 Nbd7 18.Bd4 Qb7 19.d6 Bf8 20.Be2 Bxd6 21.Ra1 Qd5 22.O-O a5
23.Nb1 Bc6 24.Nc3 Qf5 25.Nd2 Bc7 26.Nxc4 h5 27.f4 Ne4 28.Nxe4 Bxe4 29.Bf3 Nc5
30.Bxe4 Nxe4 31.Nd2 Nd6 32.Rc1 Bd8 33.Be5 Rxc1 34.Qxc1 Bb6 35.Bxd6 Bxe3+
36.Kh1 Qd5 37.Be5 Bxd2 38.Rd1 Bxc1 39.Rxd5 a4 40.g3 a3 41.bxa3  1/2-1/2

[Event "XXX Zalakaros Open"]
[Site "Zalakaros HUN"]
[Date "2011.05.26"]
[Round "7"]
[White "Kincs,I"]
[Black "Djurovic,G"]
[Result "1-0"]
[WhiteElo "2159"]
[BlackElo "2371"]

1.d4 Nf6 2.Nf3 e6 3.c4 c5 4.d5 d6 5.Nc3 exd5 6.cxd5 g6 7.g3 Bg7 8.Bg2 O-O
9.O-O a6 10.a4 Nbd7 11.Bf4 Qe7 12.a5 b5 13.axb6 Nxb6 14.Re1 Nfd7 15.e4 Rb8
16.Qc2 Ne5 17.Bxe5 Bxe5 18.Nxe5 Qxe5 19.Bf1 c4 20.Qd2 f6 21.f4 Qe7 22.Qd4 Qc7
23.Nd1 Nd7 24.Rc1 Qa5 25.Re3 Nc5 26.Bxc4 Nb3 27.Bxb3 Rxb3 28.Rxc8 Rxc8 29.Rxb3 Qe1+
30.Kg2 Rc2+ 31.Nf2 Rd2 32.Rd3 Rc2 33.h4 a5 34.b3 h5 35.Qe3 Re2 36.Qf3 Kg7
37.f5 gxf5 38.Qxf5 Qa1 39.Qxh5 Re1 40.Qg4+ Kh8 41.Qc8+ Kg7 42.Rc3 f5 43.Rc7+ Kh6
44.Qf8+  1-0

[Event "ch-Siberia Men"]
[Site "Barnaul RUS"]
[Date "2011.05.27"]
[Round "8"]
[White "Marchuk,M"]
[Black "Dashiev,K"]
[Result "1/2-1/2"]
[WhiteElo "2198"]
[BlackElo "2115"]

1.d4 Nf6 2.Nf3 c5 3.d5 e6 4.c4 exd5 5.cxd5 d6 6.Nc3 g6 7.e4 Bg7 8.Bb5+ Bd7
9.Bxd7+ Nbxd7 10.O-O O-O 11.Qc2 a6  1/2-1/2

[Event "30th NAO Open"]
[Site "Stillwater USA"]
[Date "2011.05.30"]
[Round "11.4"]
[White "Johnson,C"]
[Black "Langer,M USA"]
[Result "0-1"]
[WhiteElo "1856"]
[BlackElo "2267"]

1.d4 Nf6 2.c4 c5 3.d5 e6 4.Nc3 exd5 5.cxd5 d6 6.Nf3 g6 7.Nd2 Nbd7 8.Nc4 Nb6
9.Na3 Bg7 10.e4 O-O 11.Bd3 a6 12.O-O Qc7 13.Nc2 Nbd7 14.a4 c4 15.Be2 Nc5
16.e5 dxe5 17.Bxc4 Nce4 18.Qe2 Nd6 19.Bb3 Re8 20.Ra3 Bg4 21.f3 Bd7 22.Be3 Nf5
23.Bf2 Nd4 24.Qd3 Bf8 25.Nxd4 Bxa3 26.Ne4 Nxe4 27.fxe4 Bxb2 28.Qf3 Qc3 29.Qf6 exd4
30.Bh4 Rf8 31.Be1 Qxb3 32.Bd2 d3  0-1

[Event "3rd Orissa Open"]
[Site "Bhubaneswar IND"]
[Date "2011.06.04"]
[Round "9"]
[White "Arvind,S"]
[Black "Swapnil,SD"]
[Result "1/2-1/2"]
[WhiteElo "2295"]
[BlackElo "2425"]

1.d4 Nf6 2.Nf3 e6 3.c4 c5 4.d5 exd5 5.cxd5 d6 6.Nc3 g6 7.Bf4 a6 8.a4 Bg7
9.e3 O-O 10.Be2 Bg4 11.O-O Qe7 12.Ra3 Nbd7 13.Re1 Rab8 14.Rb3 Bxf3 15.Bxf3 Ne8
16.Be2 Nc7 17.Bf1 b6 18.e4 Bd4 19.Ne2 Bg7 20.Nc3 Ne5 21.Be3 b5 22.axb5 Nxb5
23.f4 Nxc3 24.bxc3 Rxb3 25.Qxb3 Ng4 26.Bf2 Qf6 27.g3 g5 28.e5 Qh6 29.h3 Nxf2
30.Kxf2 gxf4 31.exd6 fxg3+ 32.Kg2 Qxd6 33.c4 Be5 34.Qe3 f6 35.Bd3 Rb8 36.Re2 Rb7
37.Qf3 Kh8 38.Qg4 Rc7 39.Qf5 a5 40.Re4 Rg7 41.Qc8+ Rg8 42.Qf5 Rg7 43.Qc8+ Rg8
44.Qf5 Qc7 45.Rh4 Rg7 46.Bc2 Qd7 47.Qf3 Qb7 48.Qf5 Qd7 49.Qf3 Kg8 50.Qa3 Qc7  1/2-1/2

[Event "TCh-BIH 2011"]
[Site "Neum BIH"]
[Date "2011.06.04"]
[Round "1.2"]
[White "Ragger,M"]
[Black "Kovacevic,A"]
[Result "1/2-1/2"]
[WhiteElo "2674"]
[BlackElo "2575"]

1.d4 Nf6 2.c4 e6 3.Nf3 c5 4.d5 d6 5.Nc3 exd5 6.cxd5 g6 7.Bf4 a6 8.a4 Bg7
9.h3 O-O 10.e3 Re8 11.Nd2 Nbd7 12.Be2 Ne5 13.Bh2 Qe7 14.O-O Nfd7 15.Re1 f5
16.e4 Qf8 17.f4 Nf7 18.Bd3 fxe4 19.Ndxe4 Nf6 20.Qc2 Nxe4 21.Nxe4 Bd7 22.a5 Rab8
23.Nd2 Rxe1+ 24.Rxe1 Re8 25.Rf1 Qe7 26.Nc4 Qf6 27.Kh1 Bf5 28.Bxf5 Qxf5 29.Qxf5 gxf5
30.Bg1 Re2 31.b3 h5 32.Bf2 Bc3 33.Bh4 Kf8 34.Rf3 Bd4 35.Kh2  1/2-1/2

[Event "38th OKU 2011"]
[Site "Utrecht NED"]
[Date "2011.06.05"]
[Round "5"]
[White "Wiley,To"]
[Black "Hendrikx,Niels"]
[Result "0-1"]
[WhiteElo "2296"]
[BlackElo "2246"]

1.d4 Nf6 2.c4 c5 3.d5 e6 4.Nc3 exd5 5.cxd5 d6 6.Nf3 g6 7.Bf4 Bg7 8.Qa4+ Kf8
9.e4 Ne8 10.h3 Nd7 11.Be2 a6 12.O-O Rb8 13.Rfe1 Qe7 14.Bf1 Ne5 15.Nd2 g5
16.Bg3 h5 17.Qd1 g4 18.f4 gxf3 19.Nxf3 h4 20.Bxe5 Bxe5 21.Nxe5 Qxe5 22.Kh1 Rg8
23.Qd2 Nf6 24.Qh6+ Ke7 25.Qxh4 Bxh3 26.gxh3 Rh8 27.Qf2 Ng4 28.Qd2 Qg3 29.Re2 Rbg8
30.Rh2 Qf3+ 31.Bg2 Nf2+ 32.Kg1 Nxh3+ 33.Rxh3 Qxh3 34.Kf1 Rxg2 35.Qxg2 Qh1+
36.Kf2 Qxa1 37.Qg5+ Ke8  0-1

[Event "TCh-BIH 2011"]
[Site "Neum BIH"]
[Date "2011.06.07"]
[Round "4.3"]
[White "Predojevic,B"]
[Black "Bogut,Z"]
[Result "1/2-1/2"]
[WhiteElo "2617"]
[BlackElo "2433"]

1.d4 c5 2.d5 Nf6 3.c4 e6 4.Nc3 exd5 5.cxd5 d6 6.Nf3 g6 7.Bf4 Nh5 8.Bg5 Be7
9.Bh6 Nd7 10.h3 Bf6 11.Qd2 Qe7 12.Nb5 Ne5 13.Nxe5 Bxe5 14.g4 Nf6 15.Bg2 a6
16.f4 axb5 17.fxe5 Qxe5 18.O-O Nd7 19.Rf3 Qd4+ 20.Qxd4 cxd4 21.Bg7 Rg8 22.Bxd4 Ra4
23.Rc1 Ke7 24.Re3+ Ne5 25.Rc7+ Bd7 26.Bxe5 dxe5 27.Rxb7 Rxa2 28.d6+ Ke6 29.Rd3 Ra1+
30.Kf2 Rd8 31.g5 Ra4 32.Bd5+ Kxd6 33.Bc4+ Kc5 34.Bxb5 Rf4+ 35.Ke1 Bc8 36.Rc3+ Kd6
37.Rb6+ Ke7 38.Rc7+ Kf8 39.Bc4 Bxh3 40.Rf6 Rd7 41.Rxd7 Bxd7 42.Rxf4 exf4
43.Kf2 Bc6 44.e3 fxe3+ 45.Kxe3 Ke7 46.Kf4 f6 47.b4 Bg2 48.b5 fxg5+ 49.Kxg5 Kd6
50.Bd3 Kc5 51.Bxg6 hxg6 52.Kxg6 Kxb5  1/2-1/2

[Event "TCh-BUL GpA Men"]
[Site "Albena BUL"]
[Date "2011.06.08"]
[Round "7.2"]
[White "Grigorov,G"]
[Black "Chatalbashev,B"]
[Result "1/2-1/2"]
[WhiteElo "2497"]
[BlackElo "2591"]

1.d4 Nf6 2.c4 e6 3.Nf3 c5 4.d5 exd5 5.cxd5 d6 6.Nc3 g6 7.e4 Bg7 8.h3 O-O
9.Bd3 b5 10.Bxb5 Nxe4 11.Nxe4 Qa5+ 12.Nfd2 Qxb5 13.Nxd6 Qa6 14.N2c4 Nd7 15.O-O Ne5
16.Nxc8 Raxc8 17.Nxe5 Bxe5 18.Re1 Qf6 19.Qg4 Bd4 20.Re2 h5 21.Qe4 Rb8 22.Rb1 Kh7
23.Be3 Rfe8 24.Qd3 Qe5 25.Rc2 Qxd5 26.b3 Rbd8 27.Bxd4 cxd4 28.Rc7 Rd7 29.Rxd7 Qxd7
30.b4 Kg7  1/2-1/2

[Event "Djakovacki vezovi Open A"]
[Site "Djakovo CRO"]
[Date "2011.06.09"]
[Round "2.4"]
[White "Perisic,Ro"]
[Black "Cebalo,M"]
[Result "0-1"]
[WhiteElo "2096"]
[BlackElo "2480"]

1.d4 Nf6 2.Nf3 e6 3.c4 c5 4.d5 d6 5.Nc3 exd5 6.cxd5 g6 7.e4 a6 8.a4 Bg4 9.Be2 Bxf3
10.Bxf3 Nbd7 11.O-O Bg7 12.Bf4 Qe7 13.Qd2 O-O 14.Bh6 Rfe8 15.Bxg7 Kxg7 16.g3 c4
17.Bg2 Nc5 18.Rae1 Nd3 19.Rb1 Rab8 20.b3 b5 21.axb5 axb5 22.bxc4 bxc4 23.Qa2 Qc7
24.Rxb8 Rxb8 25.Rb1 Rxb1+ 26.Qxb1 Qc5 27.Qc2 Ng4 28.Nd1 Ngxf2 29.Nxf2 Nxf2
30.Qxf2 c3  0-1

[Event "28th BSG Pinkstertoernooi"]
[Site "Bussum NED"]
[Date "2011.06.10"]
[Round "1.4"]
[White "Ris,R"]
[Black "Haver,Bas"]
[Result "1-0"]
[WhiteElo "2395"]
[BlackElo "2064"]

1.d4 Nf6 2.c4 c5 3.d5 e6 4.Nc3 exd5 5.cxd5 d6 6.Nf3 g6 7.Bf4 Na6 8.h3 Nc7
9.e4 Bg7 10.Be2 O-O 11.O-O Re8 12.Nd2 b5 13.Bxb5 Nxb5 14.Nxb5 Nxe4 15.Re1 Rb8
16.Nxe4 Rxb5 17.Bg5 f6 18.Nxf6+ Bxf6 19.Bxf6 Rxe1+ 20.Qxe1 Qf8 21.Be7 Qf7
22.Bxd6 Bb7 23.Rd1 c4 24.Qe5 Rxd5 25.Rxd5 Bxd5 26.Bc5 a6 27.Bd4 Kf8 28.Qd6+ Ke8
29.Qb8+ Ke7 30.Qa7+ Ke8 31.Qxa6 Qd7 32.Qf6 Qe7 33.Qxe7+ Kxe7 34.a4 Kd6 35.f3 Bc6
36.a5 Bb7 37.Kf2 Ke6 38.Ke3 Kf5 39.Bc3 Ba6 40.g4+ Kg5 41.f4+ Kh4 42.f5 gxf5
43.gxf5 Kg5 44.f6 Kg6 45.Ke4 Bc8 46.h4  1-0

[Event "ch-Africa Women"]
[Site "Maputo MOZ"]
[Date "2011.06.11"]
[Round "7"]
[White "Mona,K"]
[Black "Greeff,M"]
[Result "1/2-1/2"]
[WhiteElo "2076"]
[BlackElo "2080"]

1.d4 Nf6 2.Nf3 c5 3.d5 e6 4.c4 exd5 5.cxd5 d6 6.Nc3 g6 7.e4 Bg7 8.Be2 O-O
9.O-O Nbd7 10.Nd2 Nb6 11.a4 Re8 12.a5 Nbd7 13.f4 b6 14.axb6 Nxb6 15.Bf3 Bb7
16.Re1 c4 17.Kh1 a6 18.Nf1 Nfd7 19.Be3 Qc7 20.Bd4 Bxd4 21.Qxd4 Nc5 22.Qf6 Qd8
23.Qxd8 Raxd8 24.g3 Re7 25.Re2 Rde8 26.Rd1 Kg7 27.Nd2 f6 28.b3 cxb3 29.Nxb3 Nxb3
30.Rb2 Nxd5 31.Nxd5 Bxd5 32.Rxd5 Nc5 33.Rxd6 Nxe4 34.Rxa6 f5 35.Kg2 Rd8 36.Raa2 Nc3
37.Ra1 Ne4 38.Bxe4 fxe4 39.Kf2 Rd3 40.Ra4 e3+ 41.Ke2 Rc3 42.Rd4 Rec7 43.h3 h5
44.Rd3 R3c4 45.Kxe3 h4 46.Rg2 Re7+ 47.Kf3 Rf7 48.Kg4 hxg3 49.Rf3 Kh6 50.Kxg3 Rf5
51.h4 Rc1 52.Re3 Rf1 53.Re4 Rh1 54.Re6 Rf1 55.Kh3 R5xf4 56.Rexg6+ Kh7 57.Rg1 Rxg1
58.Rxg1 Ra4 59.Rg5 Kh6 60.Rb5 Rc4  1/2-1/2

[Event "Voronezh Master Open"]
[Site "Voronezh RUS"]
[Date "2011.06.12"]
[Round "1.8"]
[White "Gorshkov,Yury"]
[Black "Gabrielian,A"]
[Result "0-1"]
[WhiteElo "2302"]
[BlackElo "2546"]

1.d4 Nf6 2.c4 c5 3.d5 e6 4.Nc3 exd5 5.cxd5 d6 6.Nf3 g6 7.Nd2 Nbd7 8.e4 Bg7
9.Be2 O-O 10.O-O Re8 11.h3 a6 12.a4 Rb8 13.Re1 Qc7 14.Ra3 g5 15.Nf1 h6 16.Ng3 Ne5
17.f4 gxf4 18.Bxf4 Ng6 19.Be3 Bd7 20.a5 b5 21.axb6 Rxb6 22.Qc1 Kh7 23.Rxa6 Rxa6
24.Bxa6 Qb6 25.Bd3 Ne5 26.Bb1 Rg8 27.Rf1 Rb8 28.Rf2 Qa6 29.Qf1 Qxf1+ 30.Kxf1 h5
31.Bc1 Kg8 32.Ke1 h4 33.Nf5 Bxf5 34.Rxf5 Nc4 35.Bd3 Nxb2 36.Bxb2 Rxb2 37.Nb5 Nxe4
38.Bxe4 Rxb5 39.Rf4 Be5 40.Rg4+ Kf8 41.Kd2 Rb4 42.Bd3 Rb2+ 43.Bc2 Bg3 44.Re4 Kg7
45.Kc3 Rb7 46.Bb3 f5 47.Ra4 Kf6 48.Bc4 Be5+ 49.Kd3 Rg7  0-1

[Event "4th Karen Asrian Memorial"]
[Site "Jermuk ARM"]
[Date "2011.06.16"]
[Round "1"]
[White "Batsiashvili,N"]
[Black "Akopian,R"]
[Result "1-0"]
[WhiteElo "2399"]
[BlackElo "2096"]

1.d4 Nf6 2.c4 c5 3.d5 e6 4.Nc3 exd5 5.cxd5 d6 6.Nf3 g6 7.h3 Bg7 8.e4 O-O
9.Bd3 Nh5 10.O-O a6 11.a4 Nd7 12.g4 Nhf6 13.Bf4 Qe7 14.Re1 Ne8 15.Qd2 Ne5
16.Nxe5 Bxe5 17.Bxe5 Qxe5 18.f4 Qd4+ 19.Re3 c4 20.Ne2 Qc5 21.Bc2 Nc7 22.b4 cxb3
23.Bxb3 a5 24.Rc1 Qb6 25.Qd4 Qxd4 26.Nxd4 Na6 27.Nb5 Rd8 28.e5 dxe5 29.fxe5 Bd7
30.Nd6 b5 31.axb5 a4 32.Bxa4 Nc7 33.Rxc7 Rxa4 34.b6 Rb4 35.b7 Rb2 36.Rec3  1-0

[Event "49th National Challengers ch-IND"]
[Site "Aurangabad IND"]
[Date "2011.06.18"]
[Round "4"]
[White "Singh,DP"]
[Black "Swapnil,SD"]
[Result "1/2-1/2"]
[WhiteElo "2327"]
[BlackElo "2425"]

1.d4 Nf6 2.Nf3 c5 3.d5 e6 4.c4 exd5 5.cxd5 d6 6.Nc3 g6 7.e4 a6 8.a4 Bg4 9.Be2 Bxf3
10.Bxf3 Bg7 11.O-O O-O 12.Bf4 Ne8 13.Re1 Nd7 14.Be2 f5 15.exf5 gxf5 16.Bf1 Ne5
17.Qc2 Nc7 18.Rad1 Qd7 19.Ne2 Ng6 20.g3 b5 21.axb5 axb5 22.Bc1 Be5 23.Bh3 b4
24.Kh1 Nb5 25.Qc4 Rae8 26.Ng1 Nd4 27.Be3 Qd8 28.f4 Bg7 29.b3  1/2-1/2

[Event "7th Metropolitan IM"]
[Site "Los Angeles USA"]
[Date "2011.06.18"]
[Round "6"]
[White "Kavutskiy,K"]
[Black "Amanov,Z"]
[Result "0-1"]
[WhiteElo "2190"]
[BlackElo "2364"]

1.d4 Nf6 2.Nf3 c5 3.d5 e6 4.c4 exd5 5.cxd5 d6 6.Nc3 g6 7.Bf4 Nh5 8.Bg5 Be7
9.Bh6 Bf6 10.e4 a6 11.Qd2 Bg4 12.Be2 Nd7 13.a4 Ng7 14.h3 Bxf3 15.Bxf3 O-O
16.O-O Qa5 17.Rfe1 Rfe8 18.Qc2 Re7 19.Bf4 Qc7 20.a5 Be5 21.Bh6 Rae8 22.Be2 Bd4
23.Ra4 Bf6 24.Nd1 b5 25.axb6 Nxb6 26.Rxa6 Rxe4 27.Ne3 Rb4 28.b3 Bd4 29.Rd1 Bxe3
30.Bxe3 Nf5 31.Bc1 Nd4 32.Rxd4 Rxd4 33.Bb2 Rde4 34.Bc4 Re1+ 35.Kh2 Nxc4 36.bxc4 Qe7
37.f4 Qe3  0-1

[Event "Voronezh FIDE Open"]
[Site "Voronezh RUS"]
[Date "2011.06.18"]
[Round "7.11"]
[White "Belenkov,Dmitry"]
[Black "Kapustin,Alexandr"]
[Result "0-1"]
[WhiteElo "2040"]
[BlackElo "2228"]

1.d4 Nf6 2.c4 e6 3.Nf3 c5 4.d5 exd5 5.cxd5 d6 6.Nc3 g6 7.g3 Bg7 8.Bg2 O-O
9.O-O Re8 10.a4 Na6 11.Nd2 Nb4 12.Nc4 a6 13.Bf4 Bf8 14.e4 Nh5 15.Be3 Bd7
16.a5 Bb5 17.Nxb5 axb5 18.Nb6 Rb8 19.Bd2 Na6 20.Bc3 b4 21.Bd2 Bg7 22.Nc4 Nc7
23.Qa4 Bd4 24.Kh1 Qe7 25.Rae1 f6 26.f4 Ra8 27.Bh3 Qf7 28.g4 Ng7 29.Qc2 f5
30.gxf5 gxf5 31.e5 dxe5 32.d6 Nce6 33.fxe5 f4 34.Bg2 Nh5 35.Bd5 Kh8 36.Qd1 Rg8
37.Bxe6 Qxe6 38.Qxh5 Qd5+ 39.Rf3 Rg6 40.Nb6 Rag8 41.h4 Qc6 42.Bxf4 Rg4 43.Rf1 Rxf4
44.d7 Qe4  0-1

[Event "Baltija Cup Open A"]
[Site "Palanga LTU"]
[Date "2011.06.21"]
[Round "4.6"]
[White "Vanagas,T"]
[Black "Malinin,Y"]
[Result "1/2-1/2"]
[WhiteElo "2049"]
[BlackElo "2346"]

1.d4 Nf6 2.c4 c5 3.d5 e6 4.Nc3 exd5 5.cxd5 d6 6.Nf3 g6 7.Nd2 Nbd7 8.Nc4 Nb6
9.e4 Nxc4 10.Bxc4 Bg7 11.O-O O-O 12.Bg5 a6 13.a4 Re8 14.Re1 h6 15.Bf4 Ng4
16.a5 Bd4 17.Re2 Qf6 18.Qd2 Ne5 19.Bb3 Bg4 20.Ree1 Nd3 21.Qxd3 Qxf4 22.Qg3 Qxg3
23.hxg3 Rab8 24.Na4 Bd7 25.Nb6 Bb5 26.Nc4 Bxc4 27.Bxc4 Bxb2 28.Ra2 Bc3 29.Ree2 Re7
30.f3 h5 31.Kh2 Kg7 32.Ra3 Bb4 33.Raa2 f6 34.Kh3 Rbe8 35.g4 Re5 36.Bb3 Bc3
37.Ba4 Rh8 38.Bd7 Re7 39.Be6 Be5 40.g3 c4 41.f4 Bd4 42.Ra4 Rc7 43.Rc2 hxg4+
44.Kxg4 Rh1 45.Raxc4 Rxc4 46.Rxc4 Bc5 47.Rc2 Rb1 48.e5 fxe5 49.fxe5 Rb4+
50.Kf3 Rb5 51.exd6 Bxd6 52.Rc8 Kf6 53.Rd8 Bb4 54.Rd7 Bxa5 55.Rf7+ Ke5 56.Bc8 Rb3+
57.Kg2 Kxd5 58.Bxb7+ Ke6 59.Rg7 Kf6 60.Rd7 Rb6 61.Be4 Bb4 62.Rc7 a5 63.Rc6+ Rxc6
64.Bxc6 Ke5 65.Kf3 Kd4 66.Ke2 g5 67.Kd1  1/2-1/2